000 00311nam a2200133Ia 4500
008 240624s9999 xx 000 0 und d
041 _aeng
082 _a823 BOY
100 _aBOYD WILLIAM
245 _aWAITING FOR SUNRISE
260 _c2012
_alondon
_bBloomsbury
300 _a353p. ; 23cm.
365 _cRS
_b25
999 _c20027
_d20027